000 00953nam a2200253 a 4500
001 50203
003 BD-RjUL
005 20211209075456.0
008 160824r20061979b ||||| |||| 00| 0 eng d
020 _a8175221798(V.49)
020 _a817522021X(set)
035 _a(BD-RjUL)50323
040 _aBD-RjUL
_bben
_cBD-RjUL
041 _aben
082 _223
_a781.1
_bTAB 2006
100 1 _aঠাকুর, রবীন্দ্রনাথ
_9150488
245 1 0 _aবাল্মীকিপ্রতিভা /
_cরবীন্দ্রনাথ ঠাকুর.
260 _aকলকাতা :
_bবিশ্বভারতী গ্রন্থবিভগ,
_c১৯৫৭-২০০৬
300 _a১০৯ পৃ ;
_c২৭ সেমি.
490 _aস্বরবিতান ৪৯ সিরিজ
650 _aসঙ্গীতের মূলনীতি
_9150489
650 _aBasic Principles of Music
_9150469
942 _2ddc
_cBK
999 _c50203
_d50203